Fußballer nach Bildern #5 - Statistiken

Allgemein
  • Dieses Quiz wurde 2.471 mal gespielt
  • Das Durchschnittsergebnis liegt bei 10 aus 16
Antwortstatistiken
Bildquiz Antwort % Korrekt
David Alaba
84%
Granit Xhaka
84%
Zlatan Ibrahimović
83%
Matthijs de Ligt
82%
Carlos Henrique Casimiro
77%
Yann Sommer
77%
Gianluigi Donnarumma
64%
Nabil Fekir
60%
Alex Sandro Lobo Silva
58%
Makoto Hasebe
58%
Lorenzo Insigne
55%
Milan Škriniar
50%
Yannick Carrasco
42%
Mattéo Guendouzi
39%
Stevan Jovetić
28%
Goran Pandev
25%
Keine übereinstimmenden Quizze gefunden
Verteilung der Resultate
Anzahl Personen mit jedem Resultat
Perzentil nach korrekt beantworteten Fragen
Ihre Resultats-Entwicklung
Sie haben dieses Quiz noch nicht gespielt